000 02034nam a2200541 i 4500
001 25923
003 KOSZ 005
005 20200805100616.0
008 200805s1974 pl a f 001 0 pol
015 _aUWD 1974/2179
035 _a991028033479705066
035 _a(PL-WaBN)b17593700-48omnis_nlop
035 _ab17593700
035 _a(OCoLC)749321949
035 _a(PL)b0000001759370
035 _a(EXLNZ-48OMNIS_NETWORK)9910103460105606
040 _aWA N
_cWA N
_dKOSZ 005/RW
041 1 _apol
_heng
046 _k1963
080 _a537
080 _a(07)
100 1 _aPurcell, Edward M.
_eAutor
245 1 0 _aElektryczność i magnetyzm /
_cEdward M. Purcell ; [z angielskiego tłumaczyli Leszek Łukaszuk, Magdalena Kądziałko-Hofmokl].
246 1 _iTytuł oryginału:
_aElectricity and magnetism
250 _aWydanie 2. poprawione.
260 _aWarszawa :
_bPaństwowe Wydawnictwo Naukowe,
_c1974.
300 _a478 stron :
_bilustracje, wykresy ;
_c25 cm.
336 _aTekst
_btxt
_2rdacontent
337 _aBez urządzenia pośredniczącego
_bn
_2rdamedia
338 _aWolumin
_bnc
_2rdacarrier
380 _aKsiążki
380 _aPublikacje dydaktyczne
388 1 _a1901-2000
388 1 _a1945-1989
500 _aStanowi t. 2 cyklu ang. Berkeley Physics Cource. T. 1 pod hasłem i tyt.: Kittel C., Knight W. D., Ruderman M. A. Mechanika.
504 _aBibliografia na stronie [472]. Indeks.
521 8 _aKsiążka jest podręcznikiem fizyki dla studentów szkół wyższych.
650 7 _aElektryczność
_2DBN
650 7 _aMagnetyzm
_2DBN
655 7 _aPodręcznik
_2DBN
658 _aFizyka i astronomia
700 1 _aKądziałko-Hofmokl, Magdalena
_eTłumaczenie
700 1 _aŁukaszuk, Leszek
_eTłumaczenie
710 2 _aPaństwowe Wydawnictwo Naukowe
_4pbl
856 _uhttp://koha.tu.koszalin.pl/cgi-bin/koha/opac-detail.pl?biblionumber=25923
_yKatalog online BPK
942 _2UKD
_cKS
999 _c25923
_d25923